Duchy W Phasmophobi - Statystyki

Ogólne statystyki
  • Ten quiz został rozwiązany 177 razy
  • Średni wynik to 8 z 12
Statystyki odpowiedzi
Hint Odpowiedź % Poprawnych
10 Demon
84%
1 Spirit
81%
5 Banshee
76%
4 Poltergeist
72%
12 Oni
71%
11 Yurei
70%
8 Revenant
69%
6 Jinn
65%
2 Wraith
65%
3 Phantom
63%
7 Mare
60%
9 Shade
60%
Nie znaleziono quizów pasujących do podanych kryteriów
Rozkład punktacji
Procent ludzi z każdym wynikiem
Percentyl według liczby udzielonych odpowiedzi
Twoja historia wyników
Nie rozwiązałeś tego quizu